[Event "Andalucia-ch U10"]
[Site "Islantilla"]
[Date "2012.04.13"]
[Round "2"]
[White "Gomez Pulido, Francisco Javier"]
[Black "Garcia Jimenez, Jose Luis"]
[Result "1-0"]
[WhiteElo "1351"]
[BlackElo "1155"]
[PlyCount "35"]
[EventDate "2012.04.13"]
[EventType "swiss"]
[EventRounds "9"]
[EventCountry "ESP"]
[SourceTitle "CBM 148 Extra"]
[Source "ChessBase"]
[SourceDate "2012.06.22"]
[SourceVersion "1"]
[SourceVersionDate "2012.06.22"]
[SourceQuality "1"]

1. e4 e5 2. Nf3 Nc6 3. Bc4 Bc5 4. c3 Nf6 5. d3 h6 6. 0-0 0-0 7. Re1 d6 8. d4 Bb6 9. d5 Na5 10. Bd3 c6 11. b4 Bg4 12. Be2 cxd5 13. bxa5 Bxa5 14. exd5 Rc8 15. Bb2 Qd7 16. Nfd2 Bh5 17. Bxh5 Nxh5 18. Qxh5 1-0